000 01636cam a2200265 4500
001 ABS66601
008 030410n2003 000 0 eng u
035 _a(Sirsi) u121956
100 _aBoyle, S.
245 2 _aA green energy vision for the 21st century
260 _c2003
490 _aEnvironment Information Bulletin
_v(128) April 2003, 8-11(4)
520 _aFeature on the Energy White Paper. published following the Performance Innovation Unit's 2002 energy review. It aims to push the UK towards a low-carbon economy, relying on energy efficiency and renewable energy rather than nuclear power. The White Paper also sets out a strategy to cut carbon dioxide emissions by 60% by 2050. Outlines the key objectives and measures of the white paper which cover renewables, combined heat and power, energy efficiency, transport and institutional change. Provides industry reactions and describes the energy system in 2020. Although the energy industry welcomes many aspects of the White Paper, concerns surrounding implementation remain. View the Energy White Paper at www.dti.gov.uk/energy/whitepaper/index.shtml.
590 _aABS
650 _aRENEWABLE ENERGY
650 _aGOVERNMENT POLICY
650 _aENERGY POLICY
650 _aLOW-CARBON ECONOMY
650 _aENERGY EFFICIENT
650 _aCARBON DIOXIDE EMISSIONS
650 _aGREEN ENERGY
690 _aENVIRONMENTAL AND LAND CONSULTANCY-ENERGY-ENERGY USE-ENERGY EFFICIENCY
856 _uhttps://www.decc.gov.uk/assets/decc/publications/white_paper_03/file10719.pdf
_zView the Energy White Paper 2003 free of charge at www.decc.org.uk
942 _n0
999 _c72481
_d72481